00461nam a22001577a 450000500170000001000150001702000260003203500140005803700130007208200110008510000300009624500660012626000360019227000530022830000220028120231229162523.0 aENG-138806 a9788170265306c395.00 aEN-122338 bDBAD/PUB a150.13 a Atkinson ,William Walker aA Manual of Practical Psychology/cBy William Walker Atkinson aNew DelhibHeritage Publishers  aNew Delhib19-A, Ansari Road, Daryaganj e110002 a185p.c20cm (pbk)